Που θα προσγειωθούμε ; δοκίμιο πολιτικού προσανατολισμού στο νέο κλιματικό καθεστώς

Αποθηκεύτηκε σε:
Λεπτομέρειες βιβλιογραφικής εγγραφής
Κύριος συγγραφέας: Latour, Bruno
Άλλοι συγγραφείς: Μουταφίδης, Άγγελος (Μεταφραστής)
Μορφή: Βιβλίο
Γλώσσα:Greek
French
Δημοσίευση: Αθήνα : Πόλις, c2019.
Θέματα:
Ετικέτες: Προσθήκη ετικέτας
Δεν υπάρχουν, Καταχωρήστε ετικέτα πρώτοι!

MARC

LEADER 00000cam a2200000 a 4500
001 1/122617
008 210202t2019####gr | | ||| |||| ||gre||
020 |a 9789604356829   |q (χαρτόδετο)  
040 |a GR-MyUa  |b gre  |c GR-MyUa  |e AACR2 
041 1 |a gre  |h fre 
082 7 |a 320.58   |2 (23)  
100 1 |a Latour, Bruno. 
245 1 2 |a Που θα προσγειωθούμε ;   |b δοκίμιο πολιτικού προσανατολισμού στο νέο κλιματικό καθεστώς /   |c Bruno Latour ; μετάφραση Άγγελος Μουταφίδης.  
260 |a Αθήνα :   |b Πόλις,   |c c2019.  
300 |a 166 σ. :   |b εικ. ;   |c 21 εκ.  
500 |a Μετάφραση του: Ou atterrir? Comment s'orienter en politique.  
504 |a Περιλαμβάνει βιβλιογραφικές αναφορές.  
650 0 |a Globalization  |x Political aspects. 
650 0 |a Climatic changes  |x Political aspects. 
700 1 |a Μουταφίδης, Άγγελος,  |e trl 
852 |a INST  |b CHIOS  |c EUDOXUS  |e 20210202  |h 320.58 LAT  |p 005200039871  |q 005200039871  |t EDX  |y 0 
920 |a Εύδοξος  |b Παραγγελία  |y Χίος-ΤΜΟΔ  |z 2021-01 
970 |a Σπέντζα  |b Ελένη  |z 02-02-2021